| 000 | 01369nam a2200265Ia 4500 | ||
|---|---|---|---|
| 999 |
_c5121 _d5121 |
||
| 003 | OSt | ||
| 005 | 20200331095926.0 | ||
| 008 | 191128s2002 ck gr 000 0 spa d | ||
| 020 | _a9586823970 | ||
| 040 |
_aCO-JMCR _cCO-JMCR |
||
| 041 | 0 | _aspa | |
| 082 | 0 | 4 |
_a320.9 / _bA371r _221 |
| 100 | 1 |
_aAlesina, Alberto, _eeditor _92240 |
|
| 245 | 1 | 0 |
_aReformas institucionales en Colombia : _buna agenda reformista para los desafíos del nuevo siglo / _ceditor, Alberto Alesina |
| 250 | _aPrimera edición | ||
| 260 |
_aBogotá : _bFedesarrollo : Alfaomega, _c2002 |
||
| 300 |
_axliv, 286 páginas ; _c23 cm. |
||
| 504 | _aBibliografía: páginas 285-286 | ||
| 505 | 0 | _aPoderes y contrapoderes : una estimación de la separación institucional de los poderes políticos en Colombia -- Sistema electoral y de partidos en Colombia : propuestas de reforma -- Crimen en Colombia : análisis y sugerencias de política | |
| 520 | _aEste libro es el resultado de la colaboración intelectual entre un grupo de investigadores colombianos y extranjeros, unidos por su interés general en los aspectos institucionales del desarrollo y su interés particular en la problemática. | ||
| 650 | 1 | 4 |
_aBancos centrales _y1990 _zColombia _92241 |
| 650 | 1 | 4 |
_aPolítica monetaria _y1990 _zColombia _92242 |
| 650 | 1 | 4 |
_aBancos centrales _xIndependencia _zColombia _92243 |
| 942 |
_2ddc _cBK |
||